[Event "DVM U14 2018"]
[Site "Magdeburg GER"]
[Date "2018.12.29"]
[Round "6"]
[White "Yin, Haode"]
[Black "Pomrehn, Ole Magnus"]
[Result "1/2-1/2"]
[Termination "normal"]
[Board "8.2"]
[WhiteElo "1696"]
[BlackElo "1503"]
[WhiteTeam "Schachakademie Paderborn"]
[BlackTeam "SF Schöneck"]
[PlyCount "55"]
[WhiteFideId "16261348"]
[BlackFideId "16232704"]
[EventCountry "GER"]
[EventRounds "7"]
[EventType "team-swiss"]
[EventDate "2018.12.26"]

1. d4 d5 2. Nf3 Nf6 3. g3 c6 4. Bg2 Bf5 5. O-O e6 6. c4 Nbd7 7. Nbd2 h6 8. Re1
Be7 9. b3 O-O 10. Bb2 Re8 11. Nh4 Bh7 12. cxd5 exd5 13. Kh1 Ng4 14. Rf1 Bxh4
15. Bh3 Nxf2+ 16. Rxf2 Bg5 17. Nf3 Be4 18. Bg2 Be3 19. Rf1 Bxf3 20. exf3 Qa5
21. Re1 Qd2 22. Re2 Qxd1+ 23. Rxd1 Bg5 24. Rde1 Rxe2 25. Rxe2 Kh7 26. Bh3 Nf8
27. Kg1 g6 28. f4 1/2-1/2

[Event "DVM U14 2018"]
[Site "Magdeburg GER"]
[Date "2018.12.29"]
[Round "6"]
[White "Tiggemann, Felix"]
[Black "Nourzad, Shayan"]
[Result "0-1"]
[Termination "normal"]
[Board "8.3"]
[WhiteElo "1510"]
[BlackElo "1628"]
[WhiteTeam "SF Schöneck"]
[BlackTeam "Schachakademie Paderborn"]
[PlyCount "88"]
[WhiteFideId "16221966"]
[BlackFideId "16274890"]
[EventCountry "GER"]
[EventRounds "7"]
[EventType "team-swiss"]
[EventDate "2018.12.26"]

1. e4 e6 2. d4 d5 3. e5 c5 4. c3 Qb6 5. Nf3 Nc6 6. Be2 cxd4 7. cxd4 Nge7 8. Na3
Nf5 9. Nc2 Bb4+ 10. Bd2 Bxd2+ 11. Qxd2 Qxb2 12. O-O Nfxd4 13. Ncxd4 Qxd2 14.
Nxd2 Nxd4 15. Bd3 Nc6 16. f4 O-O 17. Rfc1 Bd7 18. Rab1 Rab8 19. Nb3 b6 20. Bb5
Nxe5 21. Bxd7 Nxd7 22. Rc7 Nc5 23. Rxa7 Nxb3 24. Rxb3 g6 25. Ra6 Rfc8 26. Rb2
Kg7 27. a3 b5 28. Ra5 Rc4 29. g3 b4 30. Kf2 b3 31. Ke3 Kf6 32. Ra7 h5 33. a4
Rbb4 34. a5 Rb5 35. Kd3 Ra4 36. h3 Rbxa5 37. Rxa5 Rxa5 38. Rxb3 Kf5 39. Kd4 f6
40. Rb6 e5+ 41. fxe5 fxe5+ 42. Ke3 Ra3+ 43. Kf2 Ra2+ 44. Ke3 d4+ 0-1

[Event "DVM U14 2018"]
[Site "Magdeburg GER"]
[Date "2018.12.29"]
[Round "6"]
[White "Brinkschröder, Josh"]
[Black "Albrecht, Joel"]
[Result "1-0"]
[Termination "normal"]
[Board "8.4"]
[WhiteElo "1198"]
[BlackElo "774"]
[WhiteTeam "Schachakademie Paderborn"]
[BlackTeam "SF Schöneck"]
[PlyCount "81"]
[WhiteFideId "16274903"]
[BlackFideId "16274938"]
[EventCountry "GER"]
[EventRounds "7"]
[EventType "team-swiss"]
[EventDate "2018.12.26"]

1. d4 d5 2. Nf3 Nc6 3. g3 Nf6 4. Bg2 Bf5 5. a3 g6 6. O-O Bg7 7. b3 O-O 8. Bb2
Qd7 9. c4 a5 10. Nc3 dxc4 11. bxc4 e6 12. Re1 Be4 13. Nxe4 Nxe4 14. Qd3 Nd6 15.
e4 b6 16. Re2 Ne7 17. Ne5 Qa4 18. Rc1 Rad8 19. d5 Nb7 20. Qe3 Nd6 21. c5 Bxe5
22. Bxe5 Nc4 23. Qd4 b5 24. Bg7 e5 25. Bxe5 Nxe5 26. Qxe5 Qxa3 27. Qxe7 Qxc1+
28. Bf1 Rfe8 29. Qxc7 a4 30. d6 Rc8 31. d7 Rxc7 32. dxe8=Q+ Kg7 33. Qe5+ Kf8
34. Qxc7 a3 35. Ra2 b4 36. Qd6+ Kg8 37. Qd8+ Kg7 38. Qd4+ Kg8 39. Qxb4 Kf8 40.
Rxa3 Ke8 41. Ra7 1-0

[Event "DVM U14 2018"]
[Site "Magdeburg GER"]
[Date "2018.12.29"]
[Round "6"]
[White "Schröter, Christopher"]
[Black "Lauterbach, Kolja"]
[Result "0-1"]
[Termination "normal"]
[Board "9.1"]
[WhiteElo "1453"]
[BlackElo "1678"]
[WhiteTeam "1. SC Anhalt"]
[BlackTeam "SK Freiburg-Zähringen"]
[PlyCount "84"]
[WhiteFideId "16274970"]
[BlackFideId "16235916"]
[EventCountry "GER"]
[EventRounds "7"]
[EventType "team-swiss"]
[EventDate "2018.12.26"]

1. d4 f5 2. Nf3 Nf6 3. g3 d6 4. Bg2 g6 5. Nbd2 Bg7 6. c3 O-O 7. O-O Nc6 8. Qb3+
Kh8 9. Re1 e5 10. dxe5 dxe5 11. e4 f4 12. Ng5 Qe7 13. Ngf3 Na5 14. Qa4 b6 15.
b4 Bd7 16. Qa3 Nb7 17. Nc4 Nh5 18. Qa6 Nd6 19. Nxd6 cxd6 20. Qd3 Bg4 21. Bb2
Qf6 22. Rf1 Rad8 23. Rac1 Qe6 24. Ng5 Qxa2 25. Rc2 h6 26. Nf3 Qf7 27. Nd2 f3
28. Bh1 d5 29. exd5 Bf5 30. Ne4 Bh3 31. Rd1 Qf5 32. Rcd2 Nf4 33. gxf4 Qg4+ 34.
Ng3 exf4 35. Bxf3 Qg5 36. Bg2 Bxg2 37. Kxg2 fxg3 38. hxg3 Rf5 39. Re1 Rdxd5 40.
Re8+ Kh7 41. Qe4 Rxd2 42. Qc4 Rfxf2+ 0-1

[Event "DVM U14 2018"]
[Site "Magdeburg GER"]
[Date "2018.12.29"]
[Round "6"]
[White "Straub, Benno"]
[Black "Böhm, Florian"]
[Result "0-1"]
[Termination "normal"]
[Board "9.2"]
[WhiteElo "1560"]
[BlackElo "1443"]
[WhiteTeam "SK Freiburg-Zähringen"]
[BlackTeam "1. SC Anhalt"]
[PlyCount "142"]
[WhiteFideId "16255488"]
[BlackFideId "16274989"]
[EventCountry "GER"]
[EventRounds "7"]
[EventType "team-swiss"]
[EventDate "2018.12.26"]

1. e4 e5 2. f4 d6 3. Nf3 Nc6 4. Bc4 Nf6 5. d3 Bg4 6. O-O Be7 7. h3 Bxf3 8. Qxf3
Qd7 9. a3 Rf8 10. fxe5 Nxe5 11. Qf2 Nxc4 12. dxc4 Nxe4 13. Qd4 Nf6 14. Be3 d5
15. c5 c6 16. Nc3 O-O-O 17. b4 Rfe8 18. Rab1 Bf8 19. b5 Ne4 20. bxc6 Qxc6 21.
Rxf7 Nxc3 22. Qxc3 Rxe3 23. Qb2 Re7 24. Rxe7 Bxe7 25. Qxg7 Qxc5+ 26. Kh1 Qxa3
27. Qxh7 d4 28. Qf5+ Kb8 29. Qe5+ Qd6 30. Qb5 Qd7 31. Qe5+ Qc7 32. Qe4 b6 33.
Rd1 Bc5 34. g4 Qb7 35. Qxb7+ Kxb7 36. Kg2 a5 37. g5 a4 38. h4 a3 39. g6 a2 40.
h5 Ra8 41. g7 d3 42. c3 a1=Q 43. Rxa1 Rxa1 44. Kh2 Ra8 45. h6 Bd4 46. cxd4 d2
47. h7 d1=Q 48. g8=Q Qe2+ 49. Kg3 Qe3+ 50. Kh4 Qxd4+ 51. Kh5 Qe5+ 52. Kh6 Qf6+
53. Kh5 Qf8 54. Qd5+ Ka6 55. Qa2+ Kb5 56. Qb2+ Kc6 57. Qg2+ Kc7 58. Qg3+ Qd6
59. Qg7+ Kc6 60. h8=Q Rxh8+ 61. Kg4 Qd7+ 62. Qxd7+ Kxd7 63. Kf5 Re8 64. Kf4 b5
65. Kf5 b4 66. Kf4 b3 67. Kf5 b2 68. Kf4 b1=Q 69. Kf3 Qf1+ 70. Kg4 Rg8+ 71. Kh4
Qh1# 0-1

[Event "DVM U14 2018"]
[Site "Magdeburg GER"]
[Date "2018.12.29"]
[Round "6"]
[White "Lautenschläger, Friedrich"]
[Black "Tolstorukova, Amelie"]
[Result "1-0"]
[Termination "normal"]
[Board "9.3"]
[WhiteElo "1364"]
[BlackElo "1174"]
[WhiteTeam "1. SC Anhalt"]
[BlackTeam "SK Freiburg-Zähringen"]
[PlyCount "89"]
[WhiteFideId "16274997"]
[BlackFideId "16255496"]
[EventCountry "GER"]
[EventRounds "7"]
[EventType "team-swiss"]
[EventDate "2018.12.26"]

1. d4 d5 2. c4 Nf6 3. cxd5 Qxd5 4. Nc3 Qd8 5. e4 Nc6 6. Bb5 Bd7 7. Nf3 e6 8.
Bg5 Be7 9. O-O O-O 10. Re1 Nh5 11. Be3 Re8 12. Qd3 Bb4 13. e5 a6 14. Ba4 f6 15.
Bc2 g6 16. Bh6 Bf8 17. Bxf8 Rxf8 18. Nh4 Nb4 19. Qd2 Nxc2 20. Qxc2 fxe5 21. Nf3
exd4 22. Nxd4 Qf6 23. Rad1 Rae8 24. Ne4 Qe7 25. Qxc7 e5 26. Nd6 Rd8 27. Nxb7
Rc8 28. Qxe5 Qxe5 29. Rxe5 Rb8 30. Nc5 Rfd8 31. b3 Bf5 32. h3 Nf4 33. Rde1 Rbc8
34. Nxa6 Rd6 35. Nxf5 Rxa6 36. Ne7+ Kf7 37. Nxc8 Rxa2 38. Re7+ Kf6 39. Rxh7 Rc2
40. Nd6 g5 41. h4 gxh4 42. Rf7+ Kg5 43. Rf5+ Kg4 44. f3+ Kg3 45. Rg5# 1-0

[Event "DVM U14 2018"]
[Site "Magdeburg GER"]
[Date "2018.12.29"]
[Round "6"]
[White "Schuh, Robert"]
[Black "Hetzner, Hannes"]
[Result "0-1"]
[Termination "normal"]
[Board "10.1"]
[WhiteElo "1512"]
[BlackElo "1895"]
[WhiteTeam "FVS ASP Hoyerswerda"]
[BlackTeam "SC Erlangen"]
[PlyCount "120"]
[WhiteFideId "16215990"]
[BlackFideId "16211936"]
[EventCountry "GER"]
[EventRounds "7"]
[EventType "team-swiss"]
[EventDate "2018.12.26"]

1. d4 Nf6 2. Bf4 d5 3. e3 c5 4. c3 Nc6 5. Bd3 e6 6. Nd2 Bd6 7. Bxd6 Qxd6 8.
Ngf3 O-O 9. O-O e5 10. dxe5 Nxe5 11. Nxe5 Qxe5 12. Nf3 Qc7 13. Bc2 b6 14. Qe2
Bb7 15. Rfc1 Rad8 16. Rd1 Rfe8 17. h3 Nd7 18. Ba4 Bc6 19. Bxc6 Qxc6 20. Qc2 Ne5
21. Nxe5 Rxe5 22. Rd2 Re7 23. Rad1 Red7 24. b4 h6 25. a3 Rc8 26. Qb2 Rcd8 27.
Qc2 Qb5 28. Qb3 Qc6 29. Qc2 g6 30. Qb3 Kg7 31. Qc2 Qb5 32. Qb3 a5 33. a4 Qc6
34. b5 Qf6 35. e4 d4 36. cxd4 Rxd4 37. Rxd4 Rxd4 38. Rxd4 Qxd4 39. Qc2 c4 40.
Kf1 Kf6 41. f4 Ke6 42. Ke2 Kd6 43. g4 Kc5 44. h4 Qg1 45. Kf3 Qf1+ 46. Kg3 Qd3+
47. Qxd3 cxd3 48. Kf3 Kd4 49. e5 Kc3 50. f5 d2 51. e6 d1=Q+ 52. Kf4 Qd4+ 53.
Kf3 fxe6 54. fxg6 Qf6+ 55. Ke4 Qxg6+ 56. Ke5 Qxg4 57. Kd6 Qxa4 58. Kc6 Kc4 59.
Kxb6 Qxb5+ 60. Ka7 Kc5 0-1

[Event "DVM U14 2018"]
[Site "Magdeburg GER"]
[Date "2018.12.29"]
[Round "6"]
[White "Högner, Tom"]
[Black "Wende, Hugo"]
[Result "1/2-1/2"]
[Termination "normal"]
[Board "10.2"]
[WhiteElo "1880"]
[BlackElo "1573"]
[WhiteTeam "SC Erlangen"]
[BlackTeam "FVS ASP Hoyerswerda"]
[PlyCount "54"]
[WhiteFideId "12995436"]
[BlackFideId "16220030"]
[EventCountry "GER"]
[EventRounds "7"]
[EventType "team-swiss"]
[EventDate "2018.12.26"]

1. e4 e6 2. d4 d5 3. exd5 exd5 4. Bd3 Bd6 5. Nc3 c6 6. Nf3 Nf6 7. O-O O-O 8.
Bg5 Be6 9. Re1 Nbd7 10. a3 Qc7 11. h3 Rfe8 12. b4 a6 13. Rb1 h6 14. Bxf6 Nxf6
15. a4 Reb8 16. b5 axb5 17. axb5 Qa5 18. Ne2 Qc7 19. bxc6 bxc6 20. c3 Ra2 21.
Nc1 Rab2 22. Rxb2 Rxb2 23. Re2 Rxe2 24. Qxe2 Qa5 25. Qc2 Qa1 26. Nd2 Qa3 27.
Ncb3 Qa7 1/2-1/2

[Event "DVM U14 2018"]
[Site "Magdeburg GER"]
[Date "2018.12.29"]
[Round "6"]
[White "Schuh, Ramon"]
[Black "Wu, Wilfried"]
[Result "0-1"]
[Termination "normal"]
[Board "10.3"]
[WhiteElo "1307"]
[BlackElo "1491"]
[WhiteTeam "FVS ASP Hoyerswerda"]
[BlackTeam "SC Erlangen"]
[PlyCount "60"]
[WhiteFideId "16215982"]
[BlackFideId "16260775"]
[EventCountry "GER"]
[EventRounds "7"]
[EventType "team-swiss"]
[EventDate "2018.12.26"]

1. e4 e6 2. d4 d5 3. exd5 exd5 4. Nf3 Bd6 5. Bd3 Nc6 6. c3 Nge7 7. O-O Bg4 8.
Bg5 f6 9. Bh4 Qd7 10. Nbd2 O-O-O 11. a4 Ng6 12. Bg3 Nf4 13. Bxf4 Bxf4 14. Qc2
Kb8 15. b4 h5 16. a5 g5 17. Rfb1 Ne7 18. b5 h4 19. b6 Bxf3 20. Nxf3 g4 21. Nd2
g3 22. bxa7+ Kxa7 23. h3 gxf2+ 24. Kxf2 Rhg8 25. Qb2 Rb8 26. Nb3 Rxg2+ 27. Kxg2
Rg8+ 28. Kf1 Qxh3+ 29. Ke1 Rg1+ 30. Ke2 Qg2# 0-1

[Event "DVM U14 2018"]
[Site "Magdeburg GER"]
[Date "2018.12.29"]
[Round "6"]
[White "Gilbert, Tim"]
[Black "Friedrich, Eddie"]
[Result "1/2-1/2"]
[Termination "normal"]
[Board "10.4"]
[WhiteElo "1617"]
[BlackElo "1142"]
[WhiteTeam "SC Erlangen"]
[BlackTeam "FVS ASP Hoyerswerda"]
[PlyCount "64"]
[WhiteFideId "16269527"]
[BlackFideId "16274946"]
[EventCountry "GER"]
[EventRounds "7"]
[EventType "team-swiss"]
[EventDate "2018.12.26"]

1. e4 e5 2. Nf3 Nf6 3. Nxe5 d6 4. Nf3 Nxe4 5. d4 Be7 6. Bd3 Nf6 7. Nc3 Bg4 8.
h3 Bh5 9. Be3 O-O 10. g4 Bg6 11. Bxg6 hxg6 12. Qd2 Nc6 13. O-O-O Qd7 14. Rdg1
d5 15. Nh2 Bb4 16. f3 Rfe8 17. h4 Na5 18. Nf1 Nc4 19. Qd3 Bxc3 20. Qxc3 Qe6 21.
Bd2 Re7 22. h5 Rae8 23. Ng3 Nxd2 24. Qxd2 Qe3 25. hxg6 fxg6 26. Rf1 Nh7 27. Rf2
Rf8 28. Rhf1 Ng5 29. f4 Qxd2+ 30. Kxd2 Ne4+ 31. Nxe4 Rxe4 32. Kd3 Rfe8 1/2-1/2

[Event "DVM U14 2018"]
[Site "Magdeburg GER"]
[Date "2018.12.30"]
[Round "7"]
[White "Astner, Sebastian"]
[Black "Sulayev, Daniel"]
[Result "0-1"]
[Termination "normal"]
[Board "1.1"]
[WhiteElo "1907"]
[BlackElo "2061"]
[WhiteClock "00:21:55"]
[BlackClock "01:06:34"]
[WhiteTeam "FC Ergolding"]
[BlackTeam "SV Empor Berlin"]
[PlyCount "110"]
[WhiteFideId "12979422"]
[BlackFideId "12977675"]
[EventCountry "GER"]
[EventRounds "7"]
[EventType "team-swiss"]
[EventDate "2018.12.26"]

1. e4 d6 2. Nc3 g6 3. b3 Bg7 4. Bb2 e5 5. Nf3 c5 6. Bb5+ Nc6 7. Qe2 Nge7 8. Nd5
O-O 9. Bxc6 bxc6 10. Nxe7+ Qxe7 11. c4 a5 12. d3 Be6 13. O-O f5 14. Rfd1 f4 15.
Ne1 g5 16. f3 h5 17. h3 g4 18. fxg4 hxg4 19. hxg4 Qh4 20. Nf3 Qxg4 21. Qf2 Bf6
22. Kf1 Kf7 23. Ke2 Rh8 24. Rh1 Rag8 25. Rxh8 Rxh8 26. Kd2 Bh4 27. Qe2 Bf6 28.
Bc3 Ra8 29. a4 Qg3 30. Rh1 Kg8 31. Rh6 Qg7 32. Rh1 Ra7 33. Qf2 Bd8 34. Rg1 Qh6
35. Kc2 Rg7 36. g3 Bg4 37. Nxe5 dxe5 38. Bxe5 fxg3 39. Rxg3 Bh4 40. Bxg7 Qxg7
41. Qxc5 Bxg3 42. Qxc6 Be1 43. Qd5+ Kh7 44. e5 Bb4 45. c5 Qg5 46. Qh1+ Kg6 47.
Qc6+ Kh5 48. Qh1+ Qh4 49. Qg2 Bxc5 50. Qd5 Qf2+ 51. Kc3 Qe1+ 52. Kb2 Bb4 53.
Qf7+ Kh4 54. Qh7+ Kg3 55. d4 Bc3+ 0-1

[Event "DVM U14 2018"]
[Site "Magdeburg GER"]
[Date "2018.12.30"]
[Round "7"]
[White "Breitzmann, Sander"]
[Black "Lohr, Maximilian"]
[Result "1-0"]
[Termination "normal"]
[Board "1.2"]
[WhiteElo "1845"]
[BlackElo "1940"]
[WhiteClock "00:03:17"]
[BlackClock "00:24:26"]
[WhiteTeam "SV Empor Berlin"]
[BlackTeam "FC Ergolding"]
[PlyCount "117"]
[WhiteFideId "12987085"]
[BlackFideId "12999717"]
[EventCountry "GER"]
[EventRounds "7"]
[EventType "team-swiss"]
[EventDate "2018.12.26"]

1. Nf3 d5 2. g3 c6 3. Bg2 e6 4. O-O f5 5. b3 Nf6 6. Bb2 Bd6 7. d3 O-O 8. Nbd2
Qe7 9. e4 fxe4 10. dxe4 e5 11. Qe2 d4 12. Nc4 b5 13. Nxd6 Qxd6 14. c3 c5 15.
Rfd1 Re8 16. Qxb5 Ba6 17. Qa4 Bb7 18. Nd2 Nbd7 19. Qc4+ Kh8 20. Qe2 Nb6 21. h3
a5 22. a4 Ba6 23. c4 Rab8 24. Nb1 Nc8 25. Rd3 Na7 26. Na3 Nc6 27. Nb5 Qe7 28.
Ba3 Bc8 29. Re1 Be6 30. f4 Bf7 31. f5 g5 32. Bc1 Nb4 33. Bxg5 Nxd3 34. Qxd3 Rg8
35. Bh4 Rb6 36. Qd2 Qb7 37. Qxa5 Nh5 38. Kh2 Qc6 39. Qd2 Rbb8 40. Bf3 h6 41.
Rf1 Kh7 42. Qe2 Nf6 43. g4 Rg7 44. Be1 Rbg8 45. Bd2 Ne8 46. Rf2 Qf6 47. Rg2 Qh4
48. Be1 Qg5 49. Qf2 Qf6 50. Bd2 Nd6 51. h4 Nxb5 52. axb5 Be8 53. Qg3 Rxg4 54.
Bxg4 Bh5 55. Qh3 Bxg4 56. Rxg4 h5 57. Rxg8 Kxg8 58. Qg3+ Kh8 59. Qg5 1-0

[Event "DVM U14 2018"]
[Site "Magdeburg GER"]
[Date "2018.12.30"]
[Round "7"]
[White "Sowka, Patrick"]
[Black "Beer, Ludwig"]
[Result "1/2-1/2"]
[Termination "normal"]
[Board "1.3"]
[WhiteElo "1571"]
[BlackElo "1549"]
[WhiteClock "00:14:26"]
[BlackClock "00:01:45"]
[WhiteTeam "FC Ergolding"]
[BlackTeam "SV Empor Berlin"]
[PlyCount "108"]
[WhiteFideId "16234944"]
[BlackFideId "16202813"]
[EventCountry "GER"]
[EventRounds "7"]
[EventType "team-swiss"]
[EventDate "2018.12.26"]

1. c4 e6 2. g3 d5 3. cxd5 exd5 4. Bg2 Nf6 5. d4 c5 6. dxc5 Bxc5 7. Nc3 Be6 8.
Bg5 Nc6 9. Nf3 h6 10. Bxf6 Qxf6 11. Nxd5 Bxd5 12. Qxd5 Bb4+ 13. Kf1 Qxb2 14.
Qe4+ Kf8 15. Qb1 Qa3 16. Qc1 Rd8 17. Qxa3 Bxa3 18. e3 Ke7 19. Ke2 Rd7 20. Bh3
Rc7 21. Rab1 Rd8 22. Rb3 Bc5 23. Rc1 b6 24. Nd2 Kf8 25. Nc4 Na5 26. Rbc3 Nb7
27. Nd2 Re7 28. Nb3 Kg8 29. Bg2 Ba3 30. R1c2 Nc5 31. Nd4 Rxd4 32. Rxa3 Rd8 33.
Rac3 Kh7 34. Rc4 Rdd7 35. a4 g6 36. R2c3 a5 37. Bc6 Rd6 38. Bb5 Kg7 39. Kf3
Rf6+ 40. Rf4 Rd6 41. Rd4 Rf6+ 42. Kg2 Ne4 43. Rc2 Nc5 44. Bd3 Rd7 45. Rcc4 Rxd4
46. Rxd4 Nxd3 47. Rxd3 Rc6 48. Kf3 Kf6 49. Ke4 Ke6 50. f4 f5+ 51. Kf3 Rc4 52.
Rb3 Rb4 53. Ra3 Kd5 54. h3 Re4 1/2-1/2

[Event "DVM U14 2018"]
[Site "Magdeburg GER"]
[Date "2018.12.30"]
[Round "7"]
[White "Fricke, Janek Konrad"]
[Black "Handschuh, Felix"]
[Result "0-1"]
[Termination "normal"]
[Board "1.4"]
[WhiteElo "1503"]
[BlackElo "1524"]
[WhiteClock "00:26:10"]
[BlackClock "00:30:36"]
[WhiteTeam "SV Empor Berlin"]
[BlackTeam "FC Ergolding"]
[PlyCount "84"]
[WhiteFideId "12997471"]
[BlackFideId "12997447"]
[EventCountry "GER"]
[EventRounds "7"]
[EventType "team-swiss"]
[EventDate "2018.12.26"]

1. e4 e6 2. d4 d5 3. exd5 exd5 4. Bd3 Bd6 5. Ne2 h6 6. Bf4 Ne7 7. O-O O-O 8.
Re1 Bf5 9. c3 Bxd3 10. Qxd3 c6 11. Nd2 Bxf4 12. Nxf4 Qd6 13. Qg3 Re8 14. Nf3
Nd7 15. Ne5 Nf6 16. Qf3 Ne4 17. h4 Qf6 18. Qg4 Qf5 19. Qf3 f6 20. Ned3 Ng6 21.
g4 Nxh4 22. Qh3 Qg5 23. Nxd5 Qxd5 24. Qxh4 Nd2 25. Rxe8+ Rxe8 26. Qg3 Qe4 27.
Nf4 g5 28. Nh5 Nf3+ 29. Kf1 Nd2+ 30. Kg1 Kf7 31. Kh2 f5 32. Qc7+ Re7 33. Qg3
fxg4 34. Kg1 Nf3+ 35. Kf1 Qg6 36. Nf4 gxf4 37. Qxf4+ Kg7 38. Kg2 h5 39. Rh1 Rf7
40. Qe3 h4 41. c4 h3+ 42. Kg3 Qh5 0-1

[Event "DVM U14 2018"]
[Site "Magdeburg GER"]
[Date "2018.12.30"]
[Round "7"]
[White "Koll, Linus"]
[Black "Weihrauch, Jakob"]
[Result "1/2-1/2"]
[Termination "normal"]
[Board "2.1"]
[WhiteElo "2018"]
[BlackElo "2087"]
[WhiteClock "00:02:15"]
[BlackClock "00:01:44"]
[WhiteTeam "Karlsruher SF"]
[BlackTeam "Hamburger SK"]
[PlyCount "125"]
[WhiteFideId "12990299"]
[BlackFideId "16210115"]
[EventCountry "GER"]
[EventRounds "7"]
[EventType "team-swiss"]
[EventDate "2018.12.26"]

1. e4 e5 2. Nf3 Nc6 3. Bc4 Bc5 4. c3 Nf6 5. d3 O-O 6. O-O d5 7. exd5 Nxd5 8.
Nbd2 Nb6 9. Ne4 Nxc4 10. Nxc5 Nd6 11. Ne1 b6 12. Qa4 Qe8 13. Ne4 f5 14. Nxd6
cxd6 15. f4 Kh8 16. Nc2 Bd7 17. Qa3 Rf6 18. Nb4 Nxb4 19. Qxb4 Bc6 20. Rf2 Rg6
21. Bd2 Bb7 22. Re1 Qc6 23. Ree2 b5 24. c4 bxc4 25. Qxc4 Qd7 26. d4 Rc8 27. Qd3
e4 28. Qb1 Ba6 29. Re1 Bd3 30. Qd1 Qf7 31. a3 Qd5 32. Bc3 Qb5 33. Qd2 d5 34.
Re3 Rgc6 35. h3 h6 36. Kh2 Rf6 37. Rg3 Kh7 38. h4 Rg6 39. Rxg6 Kxg6 40. Qe3 Kh7
41. Qh3 Re8 42. Qxf5+ Kh8 43. Rd2 Bf1 44. a4 Qxa4 45. Qh5 Qb5 46. Rc2 e3 47.
Be1 Qb8 48. Qf3 Bc4 49. Bg3 Qb3 50. Qh5 Re4 51. Rc1 Qxb2 52. Re1 Qxd4 53. f5
Qf6 54. Rb1 e2 55. Be1 Kh7 56. g4 Qd6+ 57. Bg3 e1=Q 58. Rxe1 Qe7 59. Qg6+ Kh8
60. Rb1 Bb3 61. Rxb3 Rb4 62. Rxb4 Qxb4 63. Qe8+ 1/2-1/2

[Event "DVM U14 2018"]
[Site "Magdeburg GER"]
[Date "2018.12.30"]
[Round "7"]
[White "Kotyk, Michael"]
[Black "Kravtsov, Maksim"]
[Result "1-0"]
[Termination "normal"]
[Board "2.2"]
[WhiteElo "2016"]
[BlackElo "1861"]
[WhiteClock "00:44:37"]
[BlackClock "00:27:06"]
[WhiteTeam "Hamburger SK"]
[BlackTeam "Karlsruher SF"]
[PlyCount "101"]
[WhiteFideId "16214501"]
[BlackFideId "54173868"]
[EventCountry "GER"]
[EventRounds "7"]
[EventType "team-swiss"]
[EventDate "2018.12.26"]

1. e4 e6 2. d4 d5 3. exd5 exd5 4. Nf3 Nc6 5. Bb5 a6 6. Bxc6+ bxc6 7. O-O Bd6 8.
c4 dxc4 9. Qa4 Ne7 10. Nbd2 O-O 11. Nxc4 c5 12. Nxd6 Qxd6 13. dxc5 Qxc5 14. b3
Qc6 15. Qxc6 Nxc6 16. Bf4 Bg4 17. Bxc7 Bxf3 18. gxf3 Nd4 19. Kg2 Rfe8 20. Rad1
Nf5 21. Rd7 Re2 22. Rc1 Nh4+ 23. Kg3 Nf5+ 24. Kf4 Nh6 25. Rcd1 f6 26. R1d2 Re1
27. Rd1 Re2 28. R7d2 Re7 29. Rd8+ Rxd8 30. Rxd8+ Kf7 31. Ba5 Re2 32. Rd2 Rxd2
33. Bxd2 Ke6 34. Ke4 Nf5 35. a4 g6 36. Bc3 h5 37. b4 Ne7 38. Kd4 Kd6 39. Kc4
Nd5 40. Bd4 f5 41. b5 g5 42. bxa6 Nc7 43. a7 Kc6 44. Be5 Na8 45. a5 g4 46. fxg4
fxg4 47. Kd4 Kb7 48. Ke4 h4 49. Kf4 g3 50. fxg3 hxg3 51. hxg3 1-0

[Event "DVM U14 2018"]
[Site "Magdeburg GER"]
[Date "2018.12.30"]
[Round "7"]
[White "Wang, Xinyuan"]
[Black "von Krosigk, Florian"]
[Result "1-0"]
[Termination "normal"]
[Board "2.3"]
[WhiteElo "1748"]
[BlackElo "1935"]
[WhiteClock "00:13:54"]
[BlackClock "00:00:43"]
[WhiteTeam "Karlsruher SF"]
[BlackTeam "Hamburger SK"]
[PlyCount "81"]
[WhiteFideId "16221494"]
[BlackFideId "16227808"]
[EventCountry "GER"]
[EventRounds "7"]
[EventType "team-swiss"]
[EventDate "2018.12.26"]

1. d4 Nf6 2. c4 e6 3. Nc3 Bb4 4. Qc2 O-O 5. a3 Bxc3+ 6. Qxc3 b5 7. e3 bxc4 8.
Bxc4 d5 9. Bd3 a5 10. Bd2 Nbd7 11. Rc1 Ba6 12. Bxa6 Rxa6 13. Qxc7 Qxc7 14. Rxc7
Rb8 15. Bc1 Raa8 16. Ne2 Nb6 17. Rc2 Nc4 18. Nc3 h6 19. f3 Rb3 20. Rf1 Rab8 21.
Rff2 Kf8 22. Rfe2 h5 23. e4 R8b7 24. exd5 exd5 25. Nxd5 Nxd5 26. Rxc4 g6 27.
Rc5 R3b5 28. Rec2 Rxc5 29. Rxc5 Nb6 30. Rxa5 Nc4 31. Ra8+ Ke7 32. b4 Rd7 33. a4
Rxd4 34. b5 Kd6 35. a5 Kc7 36. b6+ Kc6 37. Rc8+ Kb7 38. Rc7+ Ka6 39. b7 Ka7 40.
a6 Na5 41. Be3 1-0

[Event "DVM U14 2018"]
[Site "Magdeburg GER"]
[Date "2018.12.30"]
[Round "7"]
[White "Klaas, Heiko"]
[Black "Borodaev, Roman"]
[Result "0-1"]
[Termination "normal"]
[Board "2.4"]
[WhiteElo "1718"]
[BlackElo "1330"]
[WhiteClock "00:16:38"]
[BlackClock "00:28:26"]
[WhiteTeam "Hamburger SK"]
[BlackTeam "Karlsruher SF"]
[PlyCount "60"]
[WhiteFideId "16215940"]
[BlackFideId "16274881"]
[EventCountry "GER"]
[EventRounds "7"]
[EventType "team-swiss"]
[EventDate "2018.12.26"]

1. e4 c5 2. Nf3 Nc6 3. d4 cxd4 4. Nxd4 g6 5. c4 Bg7 6. Be3 Nf6 7. Nc3 e6 8. Be2
Nxd4 9. Bxd4 d6 10. f4 O-O 11. O-O Re8 12. e5 dxe5 13. Bxe5 Qb6+ 14. Kh1 Rd8
15. Qc2 Bd7 16. a3 a5 17. Bf3 Rac8 18. Na4 Qa6 19. Rac1 b5 20. c5 bxa4 21. c6
Nd5 22. c7 Re8 23. Qc5 Bxe5 24. Bxd5 Rxc7 25. Bc4 Rxc5 26. Bxa6 Rxc1 27. Rxc1
Bxb2 28. Rd1 Bc6 29. Rd6 Bd5 30. Bb5 Rc8 0-1

[Event "DVM U14 2018"]
[Site "Magdeburg GER"]
[Date "2018.12.30"]
[Round "7"]
[White "Liebold, Aaron"]
[Black "Yi, Danny"]
[Result "1/2-1/2"]
[Termination "normal"]
[Board "3.1"]
[WhiteElo "1892"]
[BlackElo "2133"]
[WhiteClock "00:16:01"]
[BlackClock "00:10:33"]
[WhiteTeam "ESV Gera"]
[BlackTeam "SF 59 Kornwestheim"]
[PlyCount "65"]
[WhiteFideId "12997846"]
[BlackFideId "12988588"]
[EventCountry "GER"]
[EventRounds "7"]
[EventType "team-swiss"]
[EventDate "2018.12.26"]

1. e4 e5 2. Nf3 Nc6 3. Bc4 Bc5 4. c3 Nf6 5. d4 exd4 6. e5 d5 7. Bb5 Ne4 8. cxd4
Bb6 9. Nc3 O-O 10. Be3 Nxc3 11. bxc3 f6 12. exf6 Qxf6 13. O-O Bg4 14. Be2 h6
15. h3 Bh5 16. Nh2 Bxe2 17. Qxe2 Rae8 18. Qd3 Qd6 19. Rae1 Na5 20. Nf3 Nc4 21.
Nd2 Nxe3 22. Rxe3 c5 23. Nf3 cxd4 24. cxd4 Re6 25. Rfe1 Rfe8 26. Ne5 Qc7 27.
R1e2 Qc1+ 28. Kh2 Rf8 29. g3 Qf1 30. f4 Rc8 31. Qf5 Rc1 32. Qxe6+ Kh7 33. Qg6+
1/2-1/2

[Event "DVM U14 2018"]
[Site "Magdeburg GER"]
[Date "2018.12.30"]
[Round "7"]
[White "Afonso, Nils"]
[Black "Müller, Magnus"]
[Result "1-0"]
[Termination "normal"]
[Board "3.2"]
[WhiteElo "2012"]
[BlackElo "1830"]
[WhiteClock "00:05:06"]
[BlackClock "00:23:35"]
[WhiteTeam "SF 59 Kornwestheim"]
[BlackTeam "ESV Gera"]
[PlyCount "51"]
[WhiteFideId "12990582"]
[BlackFideId "16230060"]
[EventCountry "GER"]
[EventRounds "7"]
[EventType "team-swiss"]
[EventDate "2018.12.26"]

1. d4 d5 2. c4 dxc4 3. Nc3 e5 4. d5 Nf6 5. e4 b5 6. Bg5 Bb4 7. a4 c6 8. dxc6
Bxc3+ 9. bxc3 Qa5 10. axb5 Qxb5 11. Bxf6 gxf6 12. c7 Nd7 13. Ra4 Qb2 14. Ne2
Qb6 15. Ng3 Qxc7 16. Rxc4 Qa5 17. Qd6 Qa1+ 18. Kd2 Qb2+ 19. Ke3 Qc1+ 20. Kf3
Qf4+ 21. Ke2 Nb6 22. Rc7 Ba6+ 23. Kd1 Rd8 24. Re7+ Kf8 25. Rd7+ Kg7 26. Rxd8
1-0